| 000 | 00000nam##2200000za#4500 |
| 001 | 9.695897 |
| 003 | CaOODSP |
| 005 | 20210624234804 |
| 007 | cr ||||||||||| |
| 008 | 150407|2000||||xxc|||||o f|0| 0 eng|d |
| 040 | |aCaOODSP|beng |
| 043 | |an-cn--- |
| 086 | 1 |aSC94-75/2000E-PDF |
| 110 | 1 |aCanada.|bCanadian Centre for Management Development. |
| 245 | 10|aModernizing governance : |h[electronic resource]|ba preliminary exploration / |cby Jane Jenson, ... [et al.]. |
| 260 | |aOttawa - Ontario : |bCanadian Centre for Management Development |cNovember 2000. |
| 300 | |a191p.|breferences, tables |
| 500 | |aThe catalogue number (SC94-75/2000) and ISBN (0-662-65348-3) for the bilingual print edition have been incorrectly copied in this electronic publication. |
| 504 | |aBibliography. |
| 590 | |a12-16-Supp|b2012-04-17 |
| 690 | 07|aCitizenship|2gcpds |
| 690 | 07|aGovernance|2gcpds |
| 690 | 07|aInformation technology|2gcpds |
| 690 | 07|aPublic service|2gcpds |
| 720 | 1 |aJenson, Jane |
| 775 | 08|tLa modernisation de la gouvernance : |w(CaOODSP)9.640017 |
| 776 | 0#|tModernizing governance : |w(CaOODSP)9.662323 |
| 776 | 0#|tLa modernisation de la gouvernance : |w(CaOODSP)9.662324 |
| 856 | 40|ahttp://publications.gc.ca|qPDF|s1.18 MB|uhttps://publications.gc.ca/collections/Collection/SC94-75-2000E.pdf |